| 000 | 01004 a2200217 4500 | ||
|---|---|---|---|
| 003 | Nust | ||
| 005 | 20170207154050.0 | ||
| 010 | _a 2002017473 | ||
| 020 | _a0849311217 (set : alk. paper) | ||
| 040 | _cNust | ||
| 082 | 0 | 0 | _a629.8 |
| 245 | 0 | 0 |
_aIntelligent systems :technology and applications(E-BOOK) _cedited by Cornelius T. Leondes. |
| 260 |
_aBoca Raton, FL : _bCRC Press, _cc2003. |
||
| 300 |
_a6 v. : _bill. _c26 cm. |
||
| 505 | 0 | _av. 1. Implementation techniques -- v. 2. Fuzzy systems, neural networks, and expert systems -- v. 3. Signal, image, and speech processing -- v. 4. Database and learning systems -- v. 5. Manufacturing, industrial, and management systems -- v. 6. Control and electric power systems. | |
| 650 | 0 | _aIntelligent control systems. | |
| 651 | _aE-BOOK | ||
| 700 | 1 | _aLeondes, Cornelius T. | |
| 856 | 4 | 1 |
_3Publisher description _uhttp://www.loc.gov/catdir/enhancements/fy0744/2002017473-d.html |
| 856 | 4 | 1 |
_3Table of contents _uhttp://www.loc.gov/catdir/toc/fy034/2002017473.html |
| 942 |
_2ddc _cBK |
||
| 999 |
_c193104 _d193104 |
||